000 00353nam a2200121Ia 4500
008 190722s9999 xx 000 0 und d
020 _a978-81-315-2465-7
100 _aJeffrey M. Wooldridge
245 0 _aIntroductory Econometrics (A Modern Approach)
260 _aDelhi (India)
_bCengage Learning India Private Limited
_c2014
300 _a878
942 _cBK
999 _c633
_d633